Зіставний аналіз комунікативної поведінки канадців та українців в різних комунікативних ситуаціях на основі програми CWY (Запис № 285459)

МАРК-запис
000 -LEADER
fixed length control field 01497nam a22001577a 4500
041 ## - LANGUAGE CODE
Language code of text/sound track or separate title ukr
080 ## - UNIVERSAL DECIMAL CLASSIFICATION NUMBER
Universal Decimal Classification number 09
090 ## - LOCALLY ASSIGNED LC-TYPE CALL NUMBER (OCLC); LOCAL CALL NUMBER (OCLC)
Local cutter number (OCLC) ; Book number/undivided call number, CALL (RLIN) ДОС
100 ## - MAIN ENTRY--PERSONAL NAME
Personal name Доскоч, І. В.
245 ## - TITLE STATEMENT
Title Зіставний аналіз комунікативної поведінки канадців та українців в різних комунікативних ситуаціях на основі програми CWY
260 ## - PUBLICATION, DISTRIBUTION, ETC. (IMPRINT)
Place of publication, distribution, etc Острог
Name of publisher, distributor, etc КАФ
Date of publication, distribution, etc 2014
300 ## - PHYSICAL DESCRIPTION
Extent 56
520 ## - SUMMARY, ETC.
Summary, etc Вступ.<br/>Розділ І. Теоретичні основи комунікації та комунікативності.<br/>1.1. Загальні відомості про міжкультурну комунікацію та комунікативність<br/>1.2. Типи, види та форми комунікації<br/>1.3. Моделі комунікації<br/>Розділ ІІ. Соціокультурні та етнопсихологічні особливості спілкування<br/>2.1. Комунікативна поведінка канадців в різних комунікативних ситуаціях<br/>2.2. Комунікативна поведінка українців в різних комунікативних ситуаціях<br/>2.3. Комунікативна поведінка учасників CWY<br/>Висновки.<br/>Список використаної літератури<br/>Додатки.
-- Канада, CWY, комунікація
650 ## - SUBJECT ADDED ENTRY--TOPICAL TERM
Topical term or geographic name as entry element Research Papers
942 ## - ADDED ENTRY ELEMENTS (KOHA)
Koha item type Книги
Фонди
Withdrawn status Lost status Source of classification or shelving scheme Damaged status Not for loan Home library Current library Date acquired Source of acquisition Cost, normal purchase price Total Checkouts Full call number Barcode Date last seen Price effective from Koha item type
    Universal Decimal Classification     ВІЛ - Відділ іноземн. літератури НБ ВІЛ - Відділ іноземн. літератури НБ 17/06/2014 Акт №8 1.00   09 215454 10/11/2021 17/06/2014 Книги